| 000 | 00553nam a2200193Ia 4500 | ||
|---|---|---|---|
| 003 | GCL | ||
| 008 | 140319s9999 xx 000 0 ara d | ||
| 040 |
_aGCL / _cGCL |
||
| 082 | 0 | 4 |
_a658.45 _bس د |
| 100 | 1 | _aسباركسى، دونالد ب | |
| 245 | 1 | 0 |
_aديناميكية التفاوض الفعال / _cسباركسى، دونالد ب |
| 700 | 1 | _aخالد حسن زروق | |
| 300 | _a223 ص | ||
| 490 | _a | ||
| 650 | 0 | 4 | _aادارة الاعمال |
| 650 | 0 | 4 | _aتنظيم وادارة |
| 650 | 0 | 4 | _aالمفاوضات |
| 942 |
_2ddc _cBK |
||
| 999 |
_c41936 _d41936 |
||